000 00485nam a2200145Ia 4500
003 OSt
005 20260130144820.0
008 211028s2018 xx 000 0 und d
040 _cAIMIT LIBRARY
041 _aeng
100 _aFernandes, Sony Elgina; D Souza, Rayan.
_g1616198
_97950
245 _aProject report on the challenges faced by recruiters while sourcing for Amazon at people Gamut HR solutions Mangalore /
260 _aMangalore
_bRayan D Souza.
_c2018
942 _2ddc
_cPRO
999 _c219518
_d219518